Từ Paris đến Roma
Spremljeno u:
| Glavni autor: | |
|---|---|
| Format: | Knjiga |
| Jezik: | Undetermined |
| Izdano: |
H.
Thế Giới
2003
|
| Teme: | |
| Oznake: |
Dodaj oznaku
Bez oznaka, Budi prvi tko označuje ovaj zapis!
|
| Thư viện lưu trữ: | Trung tâm Học liệu Trường Đại học Cần Thơ |
|---|
| LEADER | 00496nam a2200193Ia 4500 | ||
|---|---|---|---|
| 001 | CTU_58024 | ||
| 008 | 210402s9999 xx 000 0 und d | ||
| 020 | |b 21000 | ||
| 082 | |a 914 | ||
| 082 | |b L431 | ||
| 100 | |a Nguyễn Thế Long | ||
| 245 | 0 | |a Từ Paris đến Roma | |
| 245 | 0 | |c Nguyễn Thế Long | |
| 260 | |a H. | ||
| 260 | |b Thế Giới | ||
| 260 | |c 2003 | ||
| 650 | |a world geography | ||
| 904 | |i Minh | ||
| 980 | |a Trung tâm Học liệu Trường Đại học Cần Thơ | ||